000 00247nam a22001217a 4500
082 _a824
_bBHA/S
100 _aBHATIA,M.P
245 _aSELECTED ESSAYS
260 _aAGRA
_bM. I PUBLICATIONS
300 _a192
650 _aESSAY
_zINDIA
942 _cBK
999 _c3671
_d3671